000 00928nam a22002417a 4500
999 _c17848
_d17848
003 AR-CdUCM
008 190509b ||||| |||| 00| 0 spad
040 _aMUNICIPALIDAD PROVINCIAL DEL CUSCO
_cBIBLIOTECA MUNICIPAL DEL CUSCO
082 _a152 /
_bH72
100 _aHorney, Karen
_938036
245 _aEl autoanalisis /
260 _aBuenos Aires :
_bPoseidon,
_c1943.
300 _a308 paginas ;
_c29 cm.
440 _aColeccion Scientia
_938037
500 _aTitulo original :
505 _aContenido : Practicabilidad y deseabilidad del autoanalisis -- Las fuerzas impusoras de las neurosis -- Etapas de la comprensión psicoanalítica -- El papel del paciente en el proceso psicoanalítico...
650 _aPsicoanálisis
_916757
650 _aAutoanalisis
_938038
650 _aAnalista psicoanalítico
_938039
700 _aMirlas, León (Traducción)
_99583
942 _2ddc
_cLIBROS
945 _awnts
_d2019-05-09